MARC

Tag First Indicator Second Indicator Subfields
LEADER 00000cam a2200000Ia 4500
001 in00002014643
005 20151031152317.0
008 040804s2004 caua bt 000 0 eng d
035 |a (OCoLC)ocm56089137 
040 |a CBT  |c CBT  |d TXA  |d UtOrBLW 
043 |a n-us-ca 
049 |a TXAM 
090 |a TS180.5  |b .G66 2004 
100 1 |a Goodchild, A. V. 
245 1 0 |a Reducing ship turn-around time using double-cycling /  |c A.V. Goodchild and C.F. Daganzo. 
264 1 |a Berkeley, Calif. :  |b Institute of Transportation Studies, University of California, Berkeley,  |c [2004] 
300 |a 25 leaves :  |b illustrations ;  |c 28 cm. 
336 |a text  |b txt  |2 rdacontent 
337 |a unmediated  |b n  |2 rdamedia 
338 |a volume  |b nc  |2 rdacarrier 
490 1 |a Research report,  |x 0192-4095 ;  |v UCB-ITS-RR-2004-4 
500 |a "May 2004." 
504 |a Includes bibliographical references (leaves 12-13). 
650 0 |a Loading and unloading  |x Mathematical models. 
650 0 |a Cargo handling  |x Mathematical models. 
650 0 |a Ships  |x Cargo  |x Mathematical models. 
650 0 |a Container ships  |x Mathematical models. 
700 1 |a Daganzo, Carlos. 
710 2 |a University of California, Berkeley.  |b Institute of Transportation Studies. 
830 0 |a Research report (University of California, Berkeley. Institute of Transportation Studies) ;  |v UCB-ITS-RR-2004-4. 
856 4 1 |u http://www.its.berkeley.edu/publications/UCB/2004/RR/UCB-ITS-RR-2004-4.pdf  |t 0 
994 |a C0  |b TXA 
948 |a cataloged  |b h  |c 2004/12/13  |d c  |e blrosas  |f 10:58:48 am 
999 |a MARS 
999 f f |s e25ae84a-ce39-3b8e-8265-19102e1e78aa  |i 009e3d0e-d5f9-3244-b11c-e3048488204b  |t 0 
952 f f |p ric  |a Texas A&M University  |b Rellis Campus  |c Joint Library Facility  |d Remote Storage  |t 0  |e TS180.5 .G66 2004  |h Library of Congress classification  |i unmediated -- volume  |m A14831663985 
998 f f |a TS180.5 .G66 2004  |t 0  |l Remote Storage